Problems of working capital (Record no. 31168)

MARC details
000 -LEADER
fixed length control field 00271nam a2200109Ia 4500
082 ## - DEWEY DECIMAL CLASSIFICATION NUMBER
Classification number 330.14
Item number MIS
100 ## - MAIN ENTRY--AUTHOR NAME
Personal name MISHRA, Ram Kumar
245 #0 - TITLE STATEMENT
Title Problems of working capital
260 ## - PUBLICATION, DISTRIBUTION, ETC. (IMPRINT)
Place of publication Bombay
Name of publisher Somaiya
Year of publication 1975
942 ## - ADDED ENTRY ELEMENTS (KOHA)
Koha item type Books
Holdings
Withdrawn status Lost status Damaged status Not for loan Home library Current library Date acquired Full call number Accession Number Koha item type
        RRII Library RRII Library 16/12/2021 330.14 MIS 11720 Books